Two Biggest Cities In California A-Z - Statistics

General Stats
  • This quiz has been taken 78 times
    67 since last reset
  • The average score is 26 of 49
Answer Stats
Hint Answer % Correct
S San Diego
98%
L Los Angeles
94%
S San Jose
90%
F Fresno
88%
O Oakland
86%
A Anaheim
82%
R Riverside
80%
B Bakersfield
76%
F Fremont
75%
M Modesto
75%
L Long Beach
71%
H Huntington Beach
67%
C Chula Vista
65%
V Victorville or Vallejo (depending on source)
65%
I Irvine
63%
O Oxnard
63%
Y Yorba Linda
63%
E Elk Grove
61%
I Inglewood
59%
R Rancho Cucamonga
59%
A Antioch
57%
T Torrance
57%
B Berkeley
55%
G Glendale
55%
D Daly City
53%
G Garden Grove
53%
M Moreno Valley
53%
U Upland
53%
E Escondido
51%
J Jurupa Valley
51%
P Palmdale
51%
T Temecula
51%
H Hayward
49%
D Downey
47%
U Union City
47%
C Corona
45%
P Pomona
45%
V Visalia
45%
W West Covina
45%
N Norwalk
39%
Y Yuba City
39%
N Newport Beach
27%
Q Quincy
24%
W Westminster
20%
K Kerman
18%
K King City
18%
J Jackson
16%
Q Quartz Hill
6%
Z Zayante
0%
No matching quizzes found
Score Distribution
Percent of People with Each Score
Percentile by Number Answered
Your Score History
You have not taken this quiz since the last reset